<?xml version="1.0" encoding="UTF-8"?><?xml-stylesheet type="text/xsl" href="static/style.xsl"?><OAI-PMH xmlns="http://www.openarchives.org/OAI/2.0/" xmlns:xsi="http://www.w3.org/2001/XMLSchema-instance" xsi:schemaLocation="http://www.openarchives.org/OAI/2.0/ http://www.openarchives.org/OAI/2.0/OAI-PMH.xsd"><responseDate>2026-06-30T01:25:19Z</responseDate><request verb="GetRecord" identifier="oai:docta.ucm.es:20.500.14352/63296" metadataPrefix="marc">https://docta.ucm.es/rest/oai/request</request><GetRecord><record><header><identifier>oai:docta.ucm.es:20.500.14352/63296</identifier><datestamp>2023-09-12T08:26:35Z</datestamp><setSpec>com_20.500.14352_14</setSpec><setSpec>col_20.500.14352_22</setSpec></header><metadata><record xmlns="http://www.loc.gov/MARC21/slim" xmlns:dcterms="http://purl.org/dc/terms/" xmlns:xsi="http://www.w3.org/2001/XMLSchema-instance" xmlns:doc="http://www.lyncode.com/xoai" xsi:schemaLocation="http://www.loc.gov/MARC21/slim http://www.loc.gov/standards/marcxml/schema/MARC21slim.xsd">
   <leader>00925njm 22002777a 4500</leader>
   <datafield ind2=" " ind1=" " tag="042">
      <subfield code="a">dc</subfield>
   </datafield>
   <datafield ind2=" " ind1=" " tag="720">
      <subfield code="a">Muñoz de Escalona, Francisco</subfield>
      <subfield code="e">author</subfield>
   </datafield>
   <datafield ind2=" " ind1=" " tag="260">
      <subfield code="c">2002</subfield>
   </datafield>
   <datafield ind2=" " ind1=" " tag="520">
      <subfield code="a">La tesis sostiene que la disciplina que se conoce como "teoria economica del turismo", "economia del turismo" o "economia aplicada del turismo" utiliza un enfoque de demanda y que, como consecuencia de su aplicacion aun no ha logrado desarrollar una teoria de la oferta turistica coherente con el analisis economico sectorial.A traves de la investigacion directa de la literatura turistica de cerca de un siglo (1905-1990), se trata de demostrar que ninguna de las disciplinas cientificas que estudian el turismoha sido capaz de superar el concepto vulgar de "turista" y "turismo", hecho que si bien no parece plantear problemas metodologicos a los estudios que se realizan con los metodos sociologicos, psicologicos o geograficos, si los plantea, y muy graves, cuando se trata de realizar estudios de esta realidad utilizando el analisis economico. ..</subfield>
   </datafield>
   <datafield ind1="8" ind2=" " tag="024">
      <subfield code="a">978-84-669-0141-3</subfield>
   </datafield>
   <datafield ind1="8" ind2=" " tag="024">
      <subfield code="a">b21674760</subfield>
   </datafield>
   <datafield ind1="8" ind2=" " tag="024">
      <subfield code="a">https://hdl.handle.net/20.500.14352/63296</subfield>
   </datafield>
   <datafield ind2="0" ind1="0" tag="245">
      <subfield code="a">Crítica de la economía turística : enfoque de oferta versus enfoque de demanda</subfield>
   </datafield>
</record></metadata></record></GetRecord></OAI-PMH>